| 000 | 00426nam a22001697a 4500 | ||
|---|---|---|---|
| 005 | 20250219131341.0 | ||
| 008 | 160412b2015 xxu||||| |||| 00| 0 spa d | ||
| 020 | _a.9788416368426 | ||
| 041 | _aESP | ||
| 082 | _aR 463 P425p | ||
| 245 | _aEl pequeño Larousse ilustrado | ||
| 260 |
_aEspaña _bLarousse _c2015 |
||
| 300 | _a1823 páginas | ||
| 650 | _aENCICLOPEDIAS Y DICCIONARIOS | ||
| 650 | _aESPAÑOL | ||
| 942 |
_cREF _2ddc |
||
| 999 |
_c7930 _d7930 |
||